[Event "DEN-ch Rapid op"]
[Site "Avedore"]
[Date "2023.05.13"]
[Round "3"]
[White "Hector, Jonny"]
[Black "Bang, Andreas"]
[Result "1-0"]
[WhiteElo "2482"]
[BlackElo "2287"]
[PlyCount "65"]
[EventDate "2023.05.13"]
[EventType "swiss (rapid)"]
[EventRounds "7"]
[EventCountry "DEN"]
[SourceTitle "CBM 214 Extra"]
[Source "ChessBase"]
[SourceDate "2023.07.31"]
[SourceVersion "1"]
[SourceVersionDate "2023.07.31"]
[SourceQuality "1"]

1. e4 c6 2. Nc3 d5 3. Nf3 dxe4 4. Nxe4 Nf6 5. Qe2 Nxe4 6. Qxe4 Nd7 7. Bc4 Nf6 8. Ne5 e6 9. Qe2 Be7 10. c3 c5 11. 0-0 0-0 12. d4 cxd4 13. Rd1 Qa5 14. cxd4 Rd8 15. Bg5 Bd7 16. Rac1 Be8 17. Bb3 Rac8 18. Bd2 Qb6 19. Bc3 Nd5 20. Qf3 f6 21. Nc4 Qa6 22. Ne3 Bc6 23. Be1 b5 24. Qh3 f5 25. Nc2 Bb7 26. Bd2 Qd6 27. Qg3 Qxg3 28. hxg3 Bf6 29. Ba5 Re8 30. Kf1 Kf7 31. Ke2 Nb6 32. Ne3 Nd5 33. Rc5 1-0

[Event "EU-ch rapid"]
[Site "Katowice"]
[Date "2017.12.17"]
[Round "9"]
[White "Bang, Andreas"]
[Black "Konopka, Michal"]
[Result "0-1"]
[WhiteElo "2287"]
[BlackElo "2381"]
[PlyCount "88"]
[EventDate "2017.12.16"]
[EventType "swiss (rapid)"]
[EventRounds "11"]
[EventCountry "POL"]
[SourceTitle "CBM 182 Extra"]
[Source "ChessBase"]
[SourceDate "2018.02.23"]
[SourceVersion "1"]
[SourceVersionDate "2018.02.23"]
[SourceQuality "1"]

1. Nf3 Nf6 2. c4 g6 3. Nc3 d5 4. cxd5 Nxd5 5. Qa4+ c6 6. Qd4 f6 7. e4 e5 8. Nxe5 Nxc3 9. Qxc3 Qe7 10. Nf3 Qxe4+ 11. Be2 Nd7 12. 0-0 Bb4 13. Qb3 Nc5 14. Qd1 Nd3 15. Bxd3 Qxd3 16. Re1+ Kf7 17. Re3 Qd5 18. d4 Be6 19. Bd2 Bd6 20. Bc3 Rhe8 21. Qe2 Bf4 22. Re4 Bf5 23. Rxe8 Rxe8 24. Qf1 Bg4 25. Qd3 Bxf3 26. Qxf3 Qxf3 27. gxf3 Re2 28. Kf1 Rc2 29. h3 Bd2 30. Rd1 Bxc3 31. bxc3 Rxc3 32. d5 cxd5 33. Rxd5 Ke6 34. Rb5 b6 35. Kg2 Ra3 36. Rb2 g5 37. h4 gxh4 38. Rb4 h3+ 39. Kg3 Rxa2 40. Rh4 b5 41. Rxh3 b4 42. Rxh7 a5 43. Rb7 Kd5 44. Kf4 Kc4 0-1

[Event "DEN-chT 9899"]
[Site "Denmark"]
[Date "1999.03.21"]
[Round "7.4"]
[White "Bang, Andreas"]
[Black "Christensen, Stefan"]
[Result "1/2-1/2"]
[WhiteElo "2305"]
[BlackElo "2195"]
[PlyCount "25"]
[EventDate "1998.11.01"]
[EventType "team-tourn"]
[EventRounds "7"]
[EventCountry "DEN"]
[SourceTitle "EXT 2023"]
[Source "ChessBase"]
[SourceDate "2022.10.05"]
[SourceVersion "1"]
[SourceVersionDate "2022.10.05"]
[SourceQuality "1"]
[WhiteTeam "Nykobing Falster"]
[BlackTeam "Gistrup"]
[WhiteTeamCountry "DEN"]
[BlackTeamCountry "DEN"]

1. Nf3 Nf6 2. c4 b6 3. g3 Bb7 4. Bg2 e6 5. 0-0 Be7 6. d4 0-0 7. Nc3 Ne4 8. Nxe4 Bxe4 9. Ne1 Bxg2 10. Nxg2 d5 11. Qa4 dxc4 12. Qxc4 c5 13. dxc5 1/2-1/2

[Event "DEN-chT 9899"]
[Site "Denmark"]
[Date "1999.03.20"]
[Round "6.5"]
[White "Bang, Andreas"]
[Black "Johansen, Morten"]
[Result "1-0"]
[WhiteElo "2305"]
[BlackElo "2267"]
[PlyCount "81"]
[EventDate "1998.11.01"]
[EventType "team-tourn"]
[EventRounds "7"]
[EventCountry "DEN"]
[SourceTitle "EXT 2023"]
[Source "ChessBase"]
[SourceDate "2022.10.05"]
[SourceVersion "1"]
[SourceVersionDate "2022.10.05"]
[SourceQuality "1"]
[WhiteTeam "Nykobing Falster"]
[BlackTeam "Nordre"]
[WhiteTeamCountry "DEN"]
[BlackTeamCountry "DEN"]

1. Nf3 d5 2. c4 c6 3. d4 Nf6 4. Nc3 e6 5. Bg5 Nbd7 6. e3 Be7 7. Qc2 0-0 8. Rd1 Re8 9. a3 a5 10. h3 dxc4 11. Bxc4 Nd5 12. Bxe7 Qxe7 13. 0-0 Nxc3 14. Qxc3 b6 15. e4 Bb7 16. Rfe1 b5 17. Bd3 b4 18. axb4 axb4 19. Qc2 Ba6 20. Bxa6 Rxa6 21. Ra1 Rea8 22. Rxa6 Rxa6 23. Qc4 Nb8 24. Ne5 h6 25. Nd3 Ra5 26. Rc1 Kh7 27. b3 Qa7 28. Nxb4 Ra1 29. Rxa1 Qxa1+ 30. Kh2 Qe1 31. f3 Qd2 32. Nd3 h5 33. Ne5 Qf4+ 34. Kh1 h4 35. Nxc6 Nd7 36. Qc2 Qe3 37. e5+ Kh6 38. Qe4 Qf2 39. Ne7 Nb6 40. Ng8+ Kh5 41. Qg4# 1-0

[Event "DEN-chT 9899"]
[Site "Denmark"]
[Date "1998.11.15"]
[Round "2.4"]
[White "Bang, Andreas"]
[Black "Pedersen, Daniel Vesterbaek"]
[Result "1/2-1/2"]
[WhiteElo "2305"]
[BlackElo "2260"]
[PlyCount "74"]
[EventDate "1998.11.01"]
[EventType "team-tourn"]
[EventRounds "7"]
[EventCountry "DEN"]
[SourceTitle "EXT 2023"]
[Source "ChessBase"]
[SourceDate "2022.10.05"]
[SourceVersion "1"]
[SourceVersionDate "2022.10.05"]
[SourceQuality "1"]
[WhiteTeam "Nykobing Falster"]
[BlackTeam "Aarhus"]
[WhiteTeamCountry "DEN"]
[BlackTeamCountry "DEN"]

1. Nf3 d5 2. c4 c6 3. d4 Nf6 4. Nc3 e6 5. Bg5 h6 6. Bxf6 Qxf6 7. a3 dxc4 8. Ne5 c5 9. Qa4+ Nd7 10. e3 cxd4 11. exd4 Qd8 12. Bxc4 Be7 13. 0-0 0-0 14. Ba2 Nxe5 15. dxe5 Bd7 16. Qg4 Bc6 17. Rae1 Qd2 18. Re3 Bg5 19. Rg3 Qf4 20. Qe2 Rad8 21. b4 Rd2 22. Qe1 b6 23. Bb1 Rfd8 24. Be4 Bxe4 25. Qxe4 Qxe4 26. Nxe4 Re2 27. Nxg5 hxg5 28. Rxg5 Rd3 29. h4 Rxa3 30. Rc1 g6 31. h5 Kg7 32. hxg6 fxg6 33. f4 Re4 34. Rc7+ Kh6 35. Rg4 Kh5 36. Rg5+ Kh6 37. Rg4 Kh5 1/2-1/2

[Event "DEN-chT 9899"]
[Site "Denmark"]
[Date "1998.11.14"]
[Round "3.4"]
[White "Pedersen, Finn"]
[Black "Bang, Andreas"]
[Result "1/2-1/2"]
[WhiteElo "2295"]
[BlackElo "2305"]
[PlyCount "131"]
[EventDate "1998.11.01"]
[EventType "team-tourn"]
[EventRounds "7"]
[EventCountry "DEN"]
[SourceTitle "EXT 2023"]
[Source "ChessBase"]
[SourceDate "2022.10.05"]
[SourceVersion "1"]
[SourceVersionDate "2022.10.05"]
[SourceQuality "1"]
[WhiteTeam "Skolerne"]
[BlackTeam "Nykobing Falster"]
[WhiteTeamCountry "DEN"]
[BlackTeamCountry "DEN"]

1. c4 c6 2. d4 d5 3. cxd5 cxd5 4. Nc3 Nf6 5. Bf4 Nc6 6. e3 a6 7. Bd3 Bg4 8. f3 Bh5 9. Qb3 Na5 10. Qa4+ Nc6 11. Rc1 e6 12. Nge2 Bg6 13. Bxg6 hxg6 14. e4 Be7 15. 0-0 0-0 16. e5 Nd7 17. Qd1 Qb6 18. Kh1 Rfc8 19. Qd2 Na5 20. b3 Ba3 21. Rc2 Nc6 22. Na4 Qd8 23. Be3 b5 24. Nb2 Nb4 25. Rc3 Rxc3 26. Nxc3 Rc8 27. Nbd1 Qa5 28. f4 Nc6 29. Rf3 Bb4 30. Bf2 Ne7 31. g4 Rc6 32. Be1 Qc7 33. Qf2 Bxc3 34. Bxc3 a5 35. a3 f5 36. h3 Nb8 37. Qe1 Ra6 38. Nf2 Nec6 39. Nd3 Nd7 40. Rg3 Qa7 41. gxf5 Nxd4 42. fxe6 Nxe6 43. Rxg6 d4 44. Bd2 Nec5 45. Rxa6 Qb7+ 46. Kh2 Nxd3 47. Qh1 Qxa6 48. Qd5+ Kh7 49. Qxd7 b4 50. axb4 Nxe5 51. b5 Nf3+ 52. Kg3 Qg6+ 53. Kxf3 Qd3+ 54. Kg4 Qxd2 55. Qf5+ Kh8 56. Qd5 Qe2+ 57. Kg5 d3 58. b6 Qe7+ 59. Kg4 Qe2+ 60. Qf3 Qe7 61. f5 Qd6 62. b7 d2 63. Qd1 Qb4+ 64. Kh5 Qxb7 65. Qxd2 Qxb3 66. Qxa5 1/2-1/2

[Event "DEN-chT 9798"]
[Site "Denmark"]
[Date "1997.11.16"]
[Round "3.5"]
[White "Bang, Andreas"]
[Black "Buch, Carsten"]
[Result "1-0"]
[WhiteElo "2280"]
[BlackElo "2245"]
[PlyCount "103"]
[EventDate "1997.11.02"]
[EventType "team-tourn"]
[EventRounds "7"]
[EventCountry "DEN"]
[SourceTitle "EXT 2023"]
[Source "ChessBase"]
[SourceDate "2022.10.05"]
[SourceVersion "1"]
[SourceVersionDate "2022.10.05"]
[SourceQuality "1"]
[WhiteTeam "Nykobing Falster"]
[BlackTeam "Aarhus"]
[WhiteTeamCountry "DEN"]
[BlackTeamCountry "DEN"]

1. Nf3 d6 2. d4 g6 3. c4 f5 4. g3 Nf6 5. Bg2 Bg7 6. 0-0 0-0 7. Nc3 c6 8. d5 Bd7 9. Nd4 Qb6 10. Rb1 a5 11. Nc2 Na6 12. Be3 c5 13. b3 Nc7 14. Bd2 Qa6 15. a4 Rad8 16. e4 e6 17. exf5 exf5 18. Nb5 Nxb5 19. cxb5 Qa7 20. Ne3 b6 21. Nc4 Bc8 22. Bc3 Qc7 23. f4 Rde8 24. Qd3 Re7 25. Rbe1 Rfe8 26. Rxe7 Rxe7 27. Re1 Rxe1+ 28. Bxe1 Qe7 29. Bc3 Nd7 30. Bxg7 Kxg7 31. Qc3+ Kg8 32. Kf2 Bb7 33. Qe3 Kf8 34. Qxe7+ Kxe7 35. Bf3 Ba8 36. h3 h5 37. Bg2 Bb7 38. Ke3 Ba8 39. Kf2 Bb7 40. g4 hxg4 41. hxg4 Nf6 42. gxf5 Bxd5 43. fxg6 Bxc4 44. bxc4 Kf8 45. Bd5 Kg7 46. Bf7 Nh5 47. Kf3 Kf6 48. Ke4 Ke7 49. Kf5 Ng3+ 50. Kg5 Ne4+ 51. Kh6 Kf6 52. Kh7 1-0

[Event "DEN-chT 9697"]
[Site "Denmark"]
[Date "1997.02.02"]
[Round "5.3"]
[White "Bang, Andreas"]
[Black "Greger, Roland Reinhard"]
[Result "1-0"]
[WhiteElo "2280"]
[BlackElo "2255"]
[PlyCount "94"]
[EventDate "1996.11.03"]
[EventType "team-tourn"]
[EventRounds "7"]
[EventCountry "DEN"]
[SourceTitle "EXT 2023"]
[Source "ChessBase"]
[SourceDate "2022.10.05"]
[SourceVersion "1"]
[SourceVersionDate "2022.10.05"]
[SourceQuality "1"]
[WhiteTeam "Copenhagen 34"]
[BlackTeam "Copenhagen K41"]
[WhiteTeamCountry "DEN"]
[BlackTeamCountry "DEN"]

1. Nf3 Nf6 2. c4 b6 3. g3 Bb7 4. Bg2 e6 5. 0-0 Be7 6. d4 0-0 7. Nc3 Ne4 8. Qc2 Nxc3 9. Qxc3 f5 10. Ne5 Bxg2 11. Kxg2 Qc8 12. Qf3 Na6 13. Bd2 Bf6 14. Bc3 c5 15. d5 Nb4 16. a3 Nc2 17. Rac1 Nd4 18. Bxd4 cxd4 19. Nd3 g6 20. dxe6 dxe6 21. c5 b5 22. c6 Qc7 23. Nf4 Rfe8 24. Qb3 Kf7 25. Qxb5 Rab8 26. Qc4 Rxb2 27. Rb1 Rb6 28. Rxb6 axb6 29. a4 g5 30. Nd3 Ra8 31. Rb1 Rc8 32. a5 b5 33. Rxb5 Qxc6+ 34. Qxc6 Rxc6 35. Rb7+ Kg6 36. Nb4 Rc1 37. a6 Ra1 38. a7 Be5 39. Nc6 Bd6 40. Nxd4 Kf6 41. Rxh7 Ra2 42. Rh6+ Kf7 43. Nxe6 Be7 44. Nd4 g4 45. Nxf5 Bc5 46. Rc6 Bxa7 47. Nh6+ Kf8 1-0

[Event "Koge op-A"]
[Site "Koge"]
[Date "1997.??.??"]
[Round "5"]
[White "Bang, Andreas"]
[Black "Drazic, Sinisa"]
[Result "0-1"]
[WhiteElo "2280"]
[BlackElo "2445"]
[PlyCount "70"]
[EventDate "1997.??.??"]
[EventType "swiss"]
[EventRounds "9"]
[EventCountry "DEN"]
[SourceTitle "EXT 2000"]
[Source "ChessBase"]
[SourceDate "1999.11.16"]
[SourceVersion "1"]
[SourceVersionDate "1999.11.16"]
[SourceQuality "1"]

1. Nf3 Nf6 2. d4 g6 3. c4 d6 4. Nc3 Bg7 5. e4 0-0 6. Be2 e5 7. Be3 Ng4 8. Bg5 f6 9. Bh4 Nc6 10. d5 Ne7 11. Nd2 Nh6 12. f3 c5 13. dxc6 bxc6 14. b4 Kh8 15. Bf2 f5 16. 0-0 g5 17. Nb3 fxe4 18. fxe4 Be6 19. Qd2 Ng6 20. g3 Ng4 21. Bxg4 Bxg4 22. Be3 Nf4 23. Kh1 Ne6 24. Kg2 Qd7 25. Rxf8+ Rxf8 26. Kg1 Qf7 27. Re1 Bh3 28. Qe2 Nf4 29. gxf4 gxf4 30. Bd2 Qg6+ 31. Kh1 f3 32. Qf2 Qg2+ 33. Qxg2 fxg2+ 34. Kg1 Rf1+ 35. Rxf1 gxf1R# 0-1

[Event "Koge op-A"]
[Site "Koge"]
[Date "1997.??.??"]
[Round "9"]
[White "Bang, Andreas"]
[Black "El Kher, Henrik"]
[Result "1/2-1/2"]
[WhiteElo "2280"]
[BlackElo "2305"]
[PlyCount "120"]
[EventDate "1997.??.??"]
[EventType "swiss"]
[EventRounds "9"]
[EventCountry "DEN"]
[SourceTitle "EXT 2000"]
[Source "ChessBase"]
[SourceDate "1999.11.16"]
[SourceVersion "1"]
[SourceVersionDate "1999.11.16"]
[SourceQuality "1"]

1. Nf3 Nf6 2. c4 g6 3. Nc3 d5 4. cxd5 Nxd5 5. Qa4+ Nc6 6. Ne5 Nb6 7. Nxc6 Nxa4 8. Nxd8 Nxc3 9. Nxf7 Kxf7 10. dxc3 Bg7 11. e4 Be6 12. Bf4 c6 13. Kd2 a5 14. Kc2 a4 15. Be2 b5 16. a3 Bb3+ 17. Kc1 Rhd8 18. Bd1 c5 19. Bxb3+ axb3 20. Rd1 Rxd1+ 21. Kxd1 b4 22. Bd2 bxc3 23. Bxc3 Bxc3 24. bxc3 Ra4 25. f3 e5 26. Kc1 Ke6 27. c4 Rxc4+ 28. Kb2 Rd4 29. Kxb3 Kd6 30. a4 Kc6 31. a5 Kb7 32. a6+ Ka7 33. Kc3 Rd8 34. Kc4 Rd2 35. Kxc5 Rxg2 36. Kd5 Rg5 37. Ke6 h6 38. Kf6 Rh5 39. Ra2 Rh3 40. Kxe5 Rxf3 41. Ke6 g5 42. e5 g4 43. Ke7 h5 44. e6 h4 45. Ra4 Rf2 46. Rxg4 Rxh2 47. Rf4 h3 48. Kf7 Re2 49. e7 h2 50. Rf1 Rf2+ 51. Rxf2 h1Q 52. e8Q Qh7+ 53. Kf8 Qh6+ 54. Kg8 Qg5+ 55. Kf7 Qh5+ 56. Kf8 Qh6+ 57. Kg8 Qg5+ 58. Kf8 Qh6+ 59. Kg8 Qg5+ 60. Kf8 Qh6+ 1/2-1/2

[Event "Koge op-A"]
[Site "Koge"]
[Date "1997.??.??"]
[Round "6"]
[White "Christensen, Bo Garner"]
[Black "Bang, Andreas"]
[Result "1-0"]
[WhiteElo "2225"]
[BlackElo "2280"]
[PlyCount "55"]
[EventDate "1997.??.??"]
[EventType "swiss"]
[EventRounds "9"]
[EventCountry "DEN"]
[SourceTitle "EXT 2000"]
[Source "ChessBase"]
[SourceDate "1999.11.16"]
[SourceVersion "1"]
[SourceVersionDate "1999.11.16"]
[SourceQuality "1"]

1. e4 c5 2. Nf3 d6 3. d4 Nf6 4. Nc3 cxd4 5. Nxd4 g6 6. Be3 Bg7 7. f3 0-0 8. Bc4 Nc6 9. Qd2 Nd7 10. Nxc6 bxc6 11. h4 Ne5 12. Bb3 e6 13. h5 Re8 14. 0-0-0 d5 15. hxg6 hxg6 16. Bh6 Bh8 17. exd5 cxd5 18. Ne4 f6 19. Qf4 Qe7 20. Bg5 fxg5 21. Rxh8+ Kxh8 22. Qxe5+ Kg8 23. Rh1 Qg7 24. Nf6+ Kf8 25. Rh7 Re7 26. Rxg7 Rxg7 27. Qd6+ Re7 28. Bxd5 1-0

[Event "Koge op-A"]
[Site "Koge"]
[Date "1997.??.??"]
[Round "4"]
[White "Salmensuu, Olli"]
[Black "Bang, Andreas"]
[Result "1/2-1/2"]
[WhiteElo "2380"]
[BlackElo "2280"]
[PlyCount "50"]
[EventDate "1997.??.??"]
[EventType "swiss"]
[EventRounds "9"]
[EventCountry "DEN"]
[SourceTitle "EXT 2000"]
[Source "ChessBase"]
[SourceDate "1999.11.16"]
[SourceVersion "1"]
[SourceVersionDate "1999.11.16"]
[SourceQuality "1"]

1. c4 c6 2. e4 e5 3. Nf3 Qa5 4. Nc3 Nf6 5. Bd3 Bb4 6. 0-0 0-0 7. a3 Bxc3 8. dxc3 d5 9. cxd5 cxd5 10. Nxe5 dxe4 11. Nc4 Qc7 12. Be2 Bg4 13. Bxg4 Qxc4 14. Be2 Qe6 15. Qa4 Nbd7 16. Qc4 Qf5 17. Qb5 Ne5 18. Be3 a6 19. Qxb7 Rfb8 20. Qc7 Nd5 21. Qd6 Rd8 22. Qc5 Rac8 23. Qa7 Ra8 24. Qc5 Rac8 25. Qa7 Ra8 1/2-1/2

[Event "DEN-chT 9697"]
[Site "Denmark"]
[Date "1996.11.16"]
[Round "3.3"]
[White "Bang, Andreas"]
[Black "Pedersen, Daniel Vesterbaek"]
[Result "1/2-1/2"]
[WhiteElo "2280"]
[BlackElo "2330"]
[PlyCount "59"]
[EventDate "1996.11.03"]
[EventType "team-tourn"]
[EventRounds "7"]
[EventCountry "DEN"]
[SourceTitle "EXT 2023"]
[Source "ChessBase"]
[SourceDate "2022.10.05"]
[SourceVersion "1"]
[SourceVersionDate "2022.10.05"]
[SourceQuality "1"]
[WhiteTeam "Copenhagen 34"]
[BlackTeam "Aarhus"]
[WhiteTeamCountry "DEN"]
[BlackTeamCountry "DEN"]

1. Nf3 d5 2. c4 c6 3. d4 dxc4 4. e3 b5 5. a4 e6 6. axb5 cxb5 7. b3 Bb4+ 8. Bd2 Bxd2+ 9. Nbxd2 a5 10. bxc4 b4 11. Bd3 Nf6 12. Ne5 0-0 13. f4 Bb7 14. Rg1 Nc6 15. g4 Nxe5 16. fxe5 Nd7 17. g5 Nxe5 18. Bxh7+ Kxh7 19. Qh5+ Kg8 20. dxe5 Qd3 21. Rg3 Rfd8 22. Rd1 Qg6 23. Qg4 a4 24. e4 a3 25. h4 a2 26. Ra1 Rxd2 27. Kxd2 Qxe4 28. Qxe4 Bxe4 29. Rb3 Ra4 30. Rb2 1/2-1/2

[Event "Taastrup"]
[Site "Taastrup"]
[Date "1994.??.??"]
[Round "5"]
[White "Brinck Claussen, Bjorn"]
[Black "Bang, Andreas"]
[Result "1/2-1/2"]
[WhiteElo "2350"]
[BlackElo "2310"]
[PlyCount "89"]
[EventDate "1994.??.??"]
[EventType "tourn"]
[EventRounds "9"]
[EventCountry "DEN"]
[EventCategory "3"]
[SourceTitle "EXT 1998"]
[Source "ChessBase"]
[SourceDate "1997.11.17"]
[SourceVersion "1"]
[SourceVersionDate "1997.11.17"]
[SourceQuality "1"]

1. e4 c5 2. Nf3 d6 3. d4 Nf6 4. Nc3 cxd4 5. Nxd4 g6 6. Be3 Bg7 7. f3 0-0 8. Bc4 Nc6 9. Qd2 Nd7 10. h4 Nb6 11. Bb3 Na5 12. Qd3 Nxb3 13. axb3 d5 14. Ndb5 Be6 15. 0-0-0 Qc8 16. h5 Rd8 17. hxg6 hxg6 18. Bd4 f6 19. g4 Qc6 20. exd5 Nxd5 21. Qxg6 Nf4 22. Qh7+ Kf7 23. Qh2 a6 24. Na3 Ng6 25. Qg3 b5 26. f4 Rxd4 27. f5 b4 28. fxg6+ Kf8 29. Rxd4 Qxh1+ 30. Rd1 Qc6 31. Ne2 bxa3 32. Nd4 a2 33. Nxc6 a1Q+ 34. Kd2 Qxb2 35. Qe3 Bd5 36. Qxe7+ Kg8 37. Nb4 Qd4+ 38. Kc1 Qa1+ 39. Kd2 Qd4+ 40. Ke1 Qg1+ 41. Kd2 Bh6+ 42. g5 Qd4+ 43. Ke1 Qg1+ 44. Kd2 Qd4+ 45. Ke1 1/2-1/2

[Event "Hedehusene"]
[Site "Hedehusene"]
[Date "1994.??.??"]
[Round "1"]
[White "Hartvig, Ove Weiss"]
[Black "Bang, Andreas"]
[Result "0-1"]
[WhiteElo "2175"]
[BlackElo "2310"]
[PlyCount "58"]
[EventDate "1994.??.??"]
[EventType "tourn"]
[EventRounds "9"]
[EventCountry "DEN"]
[SourceTitle "EXT 1998"]
[Source "ChessBase"]
[SourceDate "1997.11.17"]
[SourceVersion "1"]
[SourceVersionDate "1997.11.17"]
[SourceQuality "1"]

1. g3 d5 2. Bg2 e5 3. c3 Nf6 4. d4 exd4 5. cxd4 Be7 6. Nc3 0-0 7. Nf3 c5 8. 0-0 Nc6 9. Bg5 cxd4 10. Nxd4 h6 11. Be3 Bg4 12. h3 Be6 13. Rc1 Qd7 14. Kh2 Ne5 15. Rc2 Bd6 16. Bc1 Rad8 17. f4 Nc6 18. Ncb5 Nxd4 19. Nxd4 Ne4 20. Rf3 f5 21. Rd3 Bf7 22. Be3 Rfe8 23. Nf3 g5 24. Qc1 Nxg3 25. Ne5 Bxe5 26. fxe5 f4 27. Rc7 Qe6 28. Bxf4 Nxe2 29. Qc5 b6 0-1

[Event "Taastrup"]
[Site "Taastrup"]
[Date "1994.??.??"]
[Round "8"]
[White "Jakobsen, Ole"]
[Black "Bang, Andreas"]
[Result "1/2-1/2"]
[WhiteElo "2375"]
[BlackElo "2310"]
[PlyCount "72"]
[EventDate "1994.??.??"]
[EventType "tourn"]
[EventRounds "9"]
[EventCountry "DEN"]
[EventCategory "3"]
[SourceTitle "EXT 1998"]
[Source "ChessBase"]
[SourceDate "1997.11.17"]
[SourceVersion "1"]
[SourceVersionDate "1997.11.17"]
[SourceQuality "1"]

1. Nf3 d5 2. g3 Bg4 3. Bg2 Nd7 4. d4 e6 5. 0-0 Bd6 6. c4 c6 7. Qb3 Qb8 8. Nc3 Ngf6 9. Bg5 0-0 10. Nd2 h6 11. Bxf6 Nxf6 12. e4 dxe4 13. Ndxe4 Nxe4 14. Nxe4 Rd8 15. h3 Bf5 16. Rad1 Qc7 17. Qc3 Rac8 18. Rd2 Be7 19. Rfd1 Bxe4 20. Bxe4 Bf6 21. Qb3 Rd6 22. d5 exd5 23. cxd5 Rcd8 24. Qc4 g6 25. b4 Kg7 26. Rd3 Qb6 27. a4 cxd5 28. Bxd5 R8d7 29. a5 Qd8 30. Kg2 a6 31. h4 b6 32. axb6 Qxb6 33. Qc5 Qd8 34. Qc4 Qb6 35. Qc5 Qb8 36. Qc4 Qb5 1/2-1/2

[Event "Copenhagen Obro op"]
[Site "Copenhagen"]
[Date "1993.??.??"]
[Round "9"]
[White "Hansen, Sune Berg"]
[Black "Bang, Andreas"]
[Result "1-0"]
[WhiteElo "2405"]
[BlackElo "2305"]
[PlyCount "99"]
[EventDate "1993.??.??"]
[EventType "swiss"]
[EventRounds "9"]
[EventCountry "DEN"]
[SourceTitle "EXT 1997"]
[Source "ChessBase"]
[SourceDate "1996.11.15"]
[SourceVersion "1"]
[SourceVersionDate "1996.11.15"]
[SourceQuality "1"]

1. e4 c5 2. Nf3 d6 3. d4 Nf6 4. Nc3 cxd4 5. Nxd4 g6 6. Bc4 Bg7 7. Bb3 0-0 8. 0-0 a6 9. Re1 b5 10. a4 bxa4 11. Rxa4 Bb7 12. Rb4 Qc7 13. Nd5 Bxd5 14. exd5 a5 15. Ra4 Re8 16. Rc4 Qb7 17. Ba4 Nfd7 18. Qf3 Na6 19. Nc6 Nac5 20. Nxe7+ Kf8 21. Rf4 Ne5 22. Rxe5 Rxe7 23. Rxe7 Qxe7 24. Qe3 Rb8 25. b3 Nxa4 26. Rxa4 Qxe3 27. fxe3 Rb5 28. e4 Bc3 29. Ba3 Ke7 30. Rc4 Bb4 31. Bb2 Bc5+ 32. Bd4 Bxd4+ 33. Rxd4 Kf6 34. Rc4 Ke5 35. Kf2 f5 36. Ke3 Rb7 37. Kd3 fxe4+ 38. Rxe4+ Kxd5 39. Ra4 Ke5 40. Rxa5+ d5 41. g3 Rb4 42. Ra4 Rb7 43. Ra8 Rf7 44. Re8+ Kd6 45. b4 Rf2 46. Re2 Rf1 47. c3 Rd1+ 48. Rd2 Rf1 49. c4 dxc4+ 50. Ke2+ 1-0

[Event "Copenhagen"]
[Site "Copenhagen"]
[Date "1991.??.??"]
[Round "3"]
[White "Bang, Andreas"]
[Black "Hansen, Mads Smith"]
[Result "1-0"]
[WhiteElo "2340"]
[BlackElo "2345"]
[PlyCount "41"]
[EventDate "1991.??.??"]
[EventType "tourn"]
[EventRounds "9"]
[EventCountry "DEN"]
[EventCategory "3"]
[SourceTitle "EXT 2004"]
[Source "ChessBase"]
[SourceDate "2003.11.25"]
[SourceVersion "1"]
[SourceVersionDate "2003.11.25"]
[SourceQuality "1"]

1. Nf3 d6 2. d4 Nf6 3. c4 Nbd7 4. Nc3 c6 5. e4 e5 6. Be2 Be7 7. 0-0 0-0 8. Qc2 Qe8 9. Be3 Bd8 10. b4 Ng4 11. Bd2 exd4 12. Nxd4 Nxh2 13. Rfd1 Nf6 14. Kxh2 Qe5+ 15. Kg1 Qxd4 16. Bf4 Qb6 17. Bxd6 Re8 18. Na4 Qa6 19. e5 Bg4 20. Nc5 Qa3 21. Rab1 1-0

[Event "Copenhagen"]
[Site "Copenhagen"]
[Date "1991.??.??"]
[Round "6"]
[White "Bjerring, Kai"]
[Black "Bang, Andreas"]
[Result "1-0"]
[WhiteElo "2330"]
[BlackElo "2340"]
[PlyCount "121"]
[EventDate "1991.??.??"]
[EventType "tourn"]
[EventRounds "9"]
[EventCountry "DEN"]
[EventCategory "3"]
[SourceTitle "EXT 2004"]
[Source "ChessBase"]
[SourceDate "2003.11.25"]
[SourceVersion "1"]
[SourceVersionDate "2003.11.25"]
[SourceQuality "1"]

1. d4 d5 2. c4 c6 3. Nf3 Nf6 4. Nc3 dxc4 5. a4 Bf5 6. e3 e6 7. Bxc4 Bb4 8. 0-0 0-0 9. Ne5 Nbd7 10. Qe2 Bg6 11. Nd3 a5 12. Rd1 Qe7 13. f3 Bxd3 14. Bxd3 e5 15. dxe5 Nxe5 16. Bc2 Rfd8 17. e4 Rxd1+ 18. Nxd1 Rd8 19. Ne3 g6 20. Nf1 Qc5+ 21. Be3 Qc4 22. Bd1 Nd3 23. Nd2 Qe6 24. Bb3 Qe7 25. Nc4 Bc5 26. Rd1 Nf4 27. Rxd8+ Qxd8 28. Qe1 Nd3 29. Qd2 Bxe3+ 30. Nxe3 Qd7 31. Qc3 Qd6 32. Bc2 Ne5 33. Qxa5 Qd4 34. Qc3 Qxc3 35. bxc3 Ned7 36. Kf2 Nc5 37. Nc4 Nfd7 38. Ke3 Kf8 39. f4 Ke7 40. g4 f6 41. h4 h6 42. e5 g5 43. exf6+ Nxf6 44. fxg5 hxg5 45. hxg5 Nd5+ 46. Kd2 Nxa4 47. Bxa4 b5 48. Bb3 bxc4 49. Bxc4 Nb6 50. Bb3 c5 51. Ke3 Kf8 52. g6 Kg7 53. Bf7 Na4 54. c4 Kf6 55. Kf3 Nc3 56. Be8 Nd1 57. Kf4 Nb2 58. Bf7 Na4 59. Kg3 Nb2 60. Kh4 Nd3 61. Kh5 1-0